By the Numbers #48 - Statistics

General Stats
  • This quiz has been taken 44 times
  • The average score is 10 of 20
Answer Stats
Hint Explanation Answer % Correct
Number that flew over the cuckoo’s nest in the title of the 1975 film that took place in a psychiatric hospital and starred Jack Nicholson and Louise Fletcher Wikipedia 1
90%
Number of hills of Rome Wikipedia 7
83%
150 * 150 150 * 150 = 22500

22500 = 150
150
76%
72 44/45 + 7 1/45 = x (72 + 44/45) + (7 + 1/45)

(72 + 7) + (44/45 + 1/45)

79 + (44/45 + 1/45)

79 + 45/45

79 + 1
80
76%
LXXX * IV The Roman numerals LXXX and IV are equivalent to the Arabic numbers 80 and 4, respectively

80 * 4
320
72%
Number of guys in the name of an Alexandria, Virginia-based “handcrafted burgers and fries” franchise Five Guys 5
72%
Number of sides an icosihexagon has Wikidata 26
69%
One small gross * 2 one small gross = 120 units

120 * 2
240
66%
Maximum number of pips on a single domino in a traditional set Wikipedia 12
62%
{1, 15, 17, 82} ∩ {15, 18, 20, 80, 81} Probability Course 15
59%
Number of letters in the Spanish alphabet Wikipedia 27
59%
Number of JetPunk sovereign states that share a land border with Bangladesh Wikipedia 2
48%
Number of minutes in the title of Rachael Ray’s cooking show that ran from 2001-2012 on the Food Network Wikipedia 30
31%
April date on which the Church of England commemorates George, Martyr and Patron of England The Church of England 23
28%
Face value of a “W” tile in English language Scrabble® Hasbro 4
28%
Number of shillings in a British half sovereign before decimalisation University of Nottingham 10
24%
Cardinality of the tale in the title of Diane Setterfield‘s 2006 gothic suspense novel Wikipedia 13
21%
Atomic number of the element scandium Wikipedia 21
21%
Number of preserved counties of Wales (created in 1994) Wikipedia 8
14%
Number of districts (dzongkhags) into which Bhutan is divided Wikipedia 20
7%
No matching quizzes found
Score Distribution
Percent of People with Each Score
Percentile by Number Answered
Your Score History
You have not taken this quiz